[Event "IV Open International Senior"]
[Site "Calvia"]
[Date "2007.10.23"]
[Round "9.1"]
[White "Celaya Tapiz, Jose Maria"]
[Black "Bellon Lopez, Juan Manuel"]
[Result "1/2-1/2"]
[WhiteElo "2260"]
[BlackElo "2434"]
[PlyCount "170"]
[EventDate "2007.??.??"]

1. e4 c5 2. Nf3 e6 3. g3 Nc6 4. Bg2 d6 5. O-O Qb6 6. d3 g6 7. c3 Bg7 8. Qc2
Nge7 9. Be3 O-O 10. Na3 d5 11. Qb3 d4 12. Qxb6 axb6 13. cxd4 Rd8 14. Nc4 cxd4
15. Bd2 b5 16. Nb6 Ra6 17. Nxc8 Rxc8 18. a3 Na5 19. Bxa5 Rxa5 20. Rac1 Rc6 21.
Nd2 e5 22. f4 Raa6 23. fxe5 Bh6 24. Rxc6 Rxc6 25. Nf3 Rc2 26. Kh1 Nc6 27. Bh3
Rxb2 28. Bd7 Be3 29. e6 fxe6 30. Bxe6+ Kg7 31. h4 Rc2 32. Bd5 h5 33. Rb1 Rc1+
34. Rxc1 Bxc1 35. Bxc6 bxc6 36. Nxd4 Bxa3 37. Nxc6 Kf6 38. Kg2 b4 39. Na5 Bb2
40. Kf3 Bc3 41. Nb3 Ke5 42. Ke3 Be1 43. d4+ Kf6 44. Kf4 Ke6 45. Na5 Bd2+ 46.
Kf3 Bc3 47. Nb3 Kd6 48. Kf4 Be1 49. Kf3 Bc3 50. Ke2 Ke7 51. e5 Ke6 52. Nc5+ Kf7
53. Kd3 Be1 54. Ne4 b3 55. d5 Ke7 56. e6 Ba5 57. Nc5 Bc7 58. Ne4 Ba5 59. Nf2
Be1 60. Ne4 Ba5 61. Ng5 Be1 62. Nf3 Bxg3 63. Kc3 Kd6 64. Kxb3 Bf2 65. Kc4 Ba7
66. Kd3 Bb6 67. Ke4 Bd8 68. Ne5 Bxh4 69. Nxg6 Bg3 70. Kf5 h4 71. Kg4 Be1 72.
Nf4 Bf2 73. Kf5 Bd4 74. Nh3 Bc5 75. Ke4 Bb4 76. Ng5 Ke7 77. Nf7 h3 78. Kf3 Be1
79. Ng5 h2 80. Kg2 Bg3 81. Nf3 Kd6 82. Nd4 Bh4 83. Nf5+ Kxd5 84. Nxh4 h1=Q+ 85.
Kxh1 Kxe6 1/2-1/2

[Event "IV Open International Senior"]
[Site "Calvia"]
[Date "2007.10.23"]
[Round "9.2"]
[White "Sveshnikov, Evgeny"]
[Black "Simon, Padros Emili"]
[Result "1-0"]
[WhiteElo "2494"]
[BlackElo "2243"]
[PlyCount "77"]
[EventDate "2007.??.??"]

1. e4 e6 2. d4 d5 3. e5 c5 4. c3 Nc6 5. Nf3 Qb6 6. a3 c4 7. Nbd2 Na5 8. g3 Bd7
9. Bh3 f5 10. exf6 gxf6 11. O-O O-O-O 12. Rb1 Bg7 13. Re1 Nh6 14. b3 cxb3 15.
Nxb3 Rde8 16. Bxh6 Bxh6 17. Nc5 Qc6 18. c4 b6 19. cxd5 Qxd5 20. Nxd7 Kxd7 21.
Bg2 Qd6 22. Qe2 Re7 23. Rbd1 Rhe8 24. Ne5+ Kc7 25. Nc4 Nxc4 26. Qxc4+ Kd8 27.
Qb3 Rc7 28. Qa4 Bf8 29. Re3 Ke7 30. Rde1 Kf7 31. d5 e5 32. Be4 Ree7 33. Bxh7
Bg7 34. Qe4 Kf8 35. Bf5 Rc5 36. Be6 Ke8 37. Qh7 Rec7 38. Kg2 Bf8 39. Qg6+ 1-0

[Event "IV Open International Senior"]
[Site "Calvia"]
[Date "2007.10.23"]
[Round "9.3"]
[White "Gonzalez, Rodriguez Jorge A"]
[Black "Suba, Mihai"]
[Result "0-1"]
[WhiteElo "2405"]
[BlackElo "2502"]
[PlyCount "144"]
[EventDate "2007.??.??"]

1. b3 d5 2. e3 Bf5 3. Bb2 e6 4. g3 Nd7 5. Bg2 Ngf6 6. Nf3 h6 7. O-O Be7 8. d3
O-O 9. Nbd2 c6 10. Qe2 Bh7 11. e4 dxe4 12. dxe4 Qc7 13. Rfd1 Rfd8 14. a3 a5 15.
e5 Ne8 16. Nc4 Nb6 17. Rxd8 Bxd8 18. Ne1 Be7 19. Bd4 Nxc4 20. Qxc4 Rd8 21. a4
Bb4 22. Nf3 Rd7 23. c3 Bf8 24. Re1 Qd8 25. Qe2 c5 26. Be3 Nc7 27. h4 b6 28. Rc1
Bd3 29. Qb2 Nd5 30. Bd2 Be4 31. Be1 Ne7 32. Qe2 Qa8 33. h5 Qd5 34. c4 Qd3 35.
Qxd3 Rxd3 36. Nd2 Bxg2 37. Kxg2 Nc6 38. f4 Nd4 39. Rb1 Be7 40. Rb2 f6 41. Bf2
fxe5 42. fxe5 Bg5 43. Bxd4 Bxd2 44. Bf2 Bc3 45. Re2 Ba1 46. Re3 Rd2 47. Rf3 Bd4
48. g4 Rb2 49. Kg3 Bxe5+ 50. Kh3 Bd4 51. Bh4 e5 52. g5 e4 53. Rf4 hxg5 54. Bxg5
e3 55. Re4 Rxb3 56. Kg4 Kf7 57. Kf5 Rb1 58. Re7+ Kf8 59. Kg6 Rg1 60. Rf7+ Ke8
61. Re7+ Kd8 62. Re4+ Kd7 63. Kf5 Rf1+ 64. Kg4 Rc1 65. Kf5 Rxc4 66. Bxe3 Rxa4
67. Rg4 Ra1 68. Bxd4 cxd4 69. Rxg7+ Kc6 70. Ke4 Rh1 71. Rg5 Rh4+ 72. Kd3 b5 0-1

[Event "IV Open International Senior"]
[Site "Calvia"]
[Date "2007.10.23"]
[Round "9.4"]
[White "Estrada Martinez, Cesar"]
[Black "Persson, Stellan"]
[Result "1-0"]
[WhiteElo "2236"]
[BlackElo "2136"]
[PlyCount "105"]
[EventDate "2007.??.??"]

1. c4 e6 2. d4 f5 3. Nc3 Nf6 4. Nf3 Bb4 5. Qb3 a5 6. a3 Bxc3+ 7. Qxc3 Ne4 8.
Qc2 d6 9. e3 b6 10. Bd3 Bb7 11. O-O Nd7 12. Nd2 Ndf6 13. f3 Nxd2 14. Bxd2 O-O
15. b4 axb4 16. axb4 Qd7 17. Bc3 Rxa1 18. Rxa1 Ra8 19. Rxa8+ Bxa8 20. e4 g6 21.
Qa2 Bb7 22. exf5 gxf5 23. Qc2 d5 24. c5 b5 25. Bd2 c6 26. Bg5 Qg7 27. Qd2 Nd7
28. Qe3 Kf7 29. Bh6 Qf6 30. Bg5 Qg7 31. Bh4 h6 32. Bg3 Qf6 33. Bf4 Kg7 34. Bg3
Bc8 35. Bf1 Kf7 36. Qf4 Nf8 37. Qc7+ Bd7 38. Be5 Qe7 39. h3 Ng6 40. Bd6 Qe8 41.
Bxb5 Kg8 42. Ba6 Nh4 43. Bg3 Ng6 44. Bb7 Qf7 45. Bxc6 Bxc6 46. Qxc6 f4 47. Bf2
Qf5 48. Qe8+ Nf8 49. c6 Qb1+ 50. Kh2 Qc2 51. Bh4 Kg7 52. Qe7+ Kg8 53. c7 1-0

[Event "IV Open International Senior"]
[Site "Calvia"]
[Date "2007.10.23"]
[Round "9.5"]
[White "Hervas Ruiz, Jose"]
[Black "Ermenkov, Evgenij"]
[Result "0-1"]
[WhiteElo "2222"]
[BlackElo "2496"]
[PlyCount "80"]
[EventDate "2007.??.??"]

1. d4 Nf6 2. c4 g6 3. Nc3 Bg7 4. e4 d6 5. Nf3 O-O 6. Be2 c5 7. d5 e6 8. O-O Re8
9. Re1 Na6 10. h3 e5 11. g4 Kh8 12. Kg2 Ng8 13. Nh2 f5 14. Bd2 Bh6 15. Bxh6
Nxh6 16. Qd2 f4 17. Rh1 Nf7 18. Rag1 Nc7 19. Nf3 Kg7 20. Kh2 h6 21. a3 Bd7 22.
b4 b6 23. Rg2 Qe7 24. Rb1 Red8 25. Rgg1 Ne8 26. Ra1 Nf6 27. Qe1 Rh8 28. Kg2 Rh7
29. Rh1 Rah8 30. Qd2 Qd8 31. b5 Qc8 32. Nh2 h5 33. f3 hxg4 34. hxg4 Ng5 35. a4
Rh3 36. Rag1 Rxh2+ 37. Rxh2 Rxh2+ 38. Kxh2 Qh8+ 39. Kg2 Qh3+ 40. Kf2 Qh2+ 0-1

[Event "IV Open International Senior"]
[Site "Calvia"]
[Date "2007.10.23"]
[Round "9.8"]
[White "Mikoleizig, Egenhard"]
[Black "Buxade Roca, Guillermo"]
[Result "1/2-1/2"]
[WhiteElo "2217"]
[BlackElo "2192"]
[PlyCount "71"]
[EventDate "2007.??.??"]

1. e4 c5 2. Nc3 Nc6 3. g3 g6 4. Bg2 Bg7 5. d3 d6 6. f4 f5 7. Nf3 Nf6 8. O-O O-O
9. Re1 Kh8 10. h3 Rb8 11. a4 a6 12. Be3 e6 13. Bf2 Qb6 14. Rb1 d5 15. e5 Nd7
16. Ng5 Nd4 17. Na2 h6 18. Nf3 Nxf3+ 19. Bxf3 Qa5 20. c4 dxc4 21. dxc4 b5 22.
cxb5 axb5 23. Bc6 Qxa4 24. Bxd7 Bxd7 25. Qxd7 Qxa2 26. Ra1 Qb3 27. Ra7 Rg8 28.
Rc7 Rbd8 29. Qf7 Rd2 30. Qxg6 Qxb2 31. Rxg7 Rxg7 32. Qxh6+ Kg8 33. Qxe6+ Kh8
34. Qe8+ Kh7 35. Qh5+ Kg8 36. Qe8+ 1/2-1/2

[Event "IV Open International Senior"]
[Site "Calvia"]
[Date "2007.10.23"]
[Round "9.9"]
[White "Schuermans, Robert"]
[Black "Salgado Gonzalez, Julio"]
[Result "1-0"]
[WhiteElo "2219"]
[BlackElo "1926"]
[PlyCount "133"]
[EventDate "2007.??.??"]

1. e4 Nc6 2. d4 d5 3. Nc3 e5 4. Bb5 dxe4 5. Bxc6+ bxc6 6. dxe5 Bf5 7. Qxd8+
Rxd8 8. Be3 a6 9. Nge2 Bb4 10. O-O Ne7 11. Ng3 Bxc3 12. bxc3 Bg6 13. c4 Nf5 14.
Bc5 Nd4 15. c3 Ne6 16. Ba3 Rd3 17. f4 exf3 18. Rxf3 c5 19. Rxd3 Bxd3 20. Rd1
Bxc4 21. Rd2 O-O 22. Ne4 Rd8 23. Rb2 h6 24. Nxc5 Nxc5 25. Bxc5 Rd5 26. Bd4 c5
27. Be3 Rxe5 28. Kf2 Bb5 29. Rd2 c4 30. Rd8+ Re8 31. Rd6 Re6 32. Rd8+ Re8 33.
Rd5 Rc8 34. Ke2 Bc6 35. Ra5 Bxg2 36. Rxa6 Ra8 37. Ba7 Kf8 38. Ke3 Ke8 39. Kd4
Kd7 40. Kc5 Rc8+ 41. Kb5 Bc6+ 42. Kb6 Be4 43. Ra5 Rc6+ 44. Kb5 f5 45. Bb6 g6
46. Ra7+ Ke6 47. Rg7 Kf6 48. Bd4+ Kg5 49. a4 f4 50. a5 Rc8 51. a6 f3 52. a7 Rf8
53. Bf2 Kg4 54. Kxc4 Kh3 55. Kd4 Ba8 56. Rxg6 Kxh2 57. c4 h5 58. c5 Rh8 59. c6
h4 60. Ke3 h3 61. Kxf3 Rc8 62. Bg3+ Kh1 63. Kg4 Rxc6 64. Rg8 Rc4+ 65. Bf4 h2
66. Rxa8 Rxf4+ 67. Kxf4 1-0

[Event "IV Open International Senior"]
[Site "Calvia"]
[Date "2007.10.23"]
[Round "9.10"]
[White "Molina, Jorge"]
[Black "Feiguelman, Boris Dr"]
[Result "1/2-1/2"]
[WhiteElo "2201"]
[BlackElo "2058"]
[PlyCount "137"]
[EventDate "2007.??.??"]

1. d4 f5 2. Bg5 g6 3. h4 Bg7 4. Nc3 d5 5. e3 Be6 6. Nge2 c6 7. Nf4 Bf7 8. h5
Qd6 9. hxg6 hxg6 10. Rxh8 Bxh8 11. Qf3 Bf6 12. Bxf6 Nxf6 13. Bd3 Nbd7 14. Qg3
Nf8 15. O-O-O O-O-O 16. Nfe2 Qxg3 17. Nxg3 Ng4 18. Rd2 Nd7 19. Nd1 Rh8 20. f3
Ngf6 21. Nf2 e5 22. Nh3 Rh4 23. c3 Nh7 24. Bxf5 gxf5 25. Nxf5 Rxh3 26. gxh3 Bh5
27. dxe5 Nxe5 28. f4 Nd7 29. Rg2 Nhf6 30. Rg7 b6 31. Nh6 Kd8 32. Ng4 a5 33. b3
c5 34. Ne5 Nxe5 35. fxe5 Ne4 36. Kb2 b5 37. a3 b4 38. axb4 axb4 39. cxb4 cxb4
40. h4 Ke8 41. Kc1 Kf8 42. Rb7 Nf2 43. Kd2 Ng4 44. e6 Ne5 45. Rxb4 Ke7 46. Rf4
Kxe6 47. Kc3 Ng6 48. Rf2 Ne5 49. b4 Ng4 50. Rf1 Ke5 51. Kd2 Be8 52. Rf8 Nf6 53.
Rh8 d4 54. exd4+ Kxd4 55. Rf8 Ke5 56. Kc3 Ke6 57. Kd4 Ke7 58. Rh8 Kf7 59. Kc5
Kg7 60. Rxe8 Nxe8 61. Kc6 Kf7 62. b5 Ng7 63. h5 Ne6 64. b6 Nd8+ 65. Kc7 Ne6+
66. Kd6 Nd8 67. Ke5 Nb7 68. Kf5 Kg7 69. Ke4 1/2-1/2

[Event "IV Open International Senior"]
[Site "Calvia"]
[Date "2007.10.23"]
[Round "9.11"]
[White "Suslin, Alexander"]
[Black "Tejero Royo, Fermin"]
[Result "1/2-1/2"]
[WhiteElo "2144"]
[BlackElo "2159"]
[PlyCount "196"]
[EventDate "2007.??.??"]

1. e4 e5 2. Nf3 Nc6 3. Bc4 Be7 4. d4 d6 5. d5 Nb8 6. O-O Nf6 7. Bd3 Bg4 8. c4
Nbd7 9. Nc3 Nc5 10. Bc2 a5 11. Be3 O-O 12. h3 Bxf3 13. Qxf3 g6 14. a3 Na6 15.
Ne2 Rb8 16. Ng3 c6 17. Qe2 Ne8 18. Rad1 Bg5 19. Rd2 c5 20. f4 exf4 21. Bxf4 Ng7
22. Qg4 Bxf4 23. Qxf4 Qe7 24. Rdf2 f6 25. Qh4 Ne8 26. Ba4 Nac7 27. Qg4 Ng7 28.
Bc2 Rf7 29. Rf3 b5 30. b3 Qe5 31. Qf4 Qxf4 32. Rxf4 Nge8 33. Bd3 bxc4 34. Bxc4
Na8 35. R4f3 Nb6 36. Bb5 Nd7 37. a4 Kg7 38. Ne2 Ne5 39. Rg3 Nc7 40. Nc3 Rbf8
41. Bc4 Rb8 42. Bb5 Rbf8 43. Re3 f5 44. Bc4 f4 45. Re2 f3 46. Ref2 fxg2 47.
Kxg2 Rxf2+ 48. Rxf2 Rxf2+ 49. Kxf2 Kf6 50. Be2 Nf7 51. Ke3 Ke5 52. Bf3 h6 53.
Nb1 Kf6 54. Kf4 Na8 55. Na3 Nb6 56. Nb5 c4 57. Bd1 g5+ 58. Ke3 cxb3 59. Bxb3 h5
60. Bd1 h4 61. Kd4 Ke7 62. Na7 Nd7 63. Nc6+ Kf6 64. Nxa5 Nfe5 65. Ke3 Nc5 66.
Nc6 Nc4+ 67. Kd4 Nb2 68. e5+ dxe5+ 69. Kxc5 Nxd1 70. a5 g4 71. d6 Ke6 72. d7
Kxd7 73. Nxe5+ Kc7 74. Nxg4 Nc3 75. Nf6 Kb7 76. Nd5 Ne4+ 77. Kb5 Nd6+ 78. Ka4
Ne4 79. Nf4 Ka6 80. Ng2 Ng5 81. Nf4 Ne4 82. Kb4 Ng5 83. Ka4 Ne4 84. Ng6 Nf2 85.
Nf4 Ne4 86. Kb4 Ng5 87. Ka4 Ne4 88. Ng2 Ng5 89. Nxh4 Nxh3 90. Nf3 Nf4 91. Nd4
Nd5 92. Nb3 Nb6+ 93. Kb4 Nd5+ 94. Kc5 Nc3 95. Kc4 Na2 96. Kc5 Nc3 97. Kd4 Na2
98. Kc5 Nc1 1/2-1/2

[Event "IV Open International Senior"]
[Site "Calvia"]
[Date "2007.10.23"]
[Round "9.12"]
[White "Hostalet Ferrer, Pedro"]
[Black "Komysheva, Margarita"]
[Result "0-1"]
[WhiteElo "2092"]
[BlackElo "2174"]
[PlyCount "66"]
[EventDate "2007.??.??"]

1. d4 c5 2. d5 e5 3. c4 d6 4. e4 Nf6 5. Nc3 Be7 6. Nf3 Bg4 7. h3 Bxf3 8. Qxf3
O-O 9. Qd1 Nbd7 10. Be2 Rb8 11. Be3 Ne8 12. Qd2 Kh8 13. a3 a6 14. O-O g6 15. b4
b6 16. g4 Ng7 17. f4 f5 18. Kh2 Bf6 19. Rae1 exf4 20. Bxf4 Be5 21. exf5 gxf5
22. gxf5 Rxf5 23. Bg4 Rxf4 24. Rxf4 Bxf4+ 25. Qxf4 Ne5 26. b5 Nd3 27. Qg3 Nxe1
28. Qxe1 a5 29. Be6 Qf6 30. Qg3 Nxe6 31. Qxd6 Rg8 32. Ne4 Qb2+ 33. Kh1 Qg2# 0-1

[Event "IV Open International Senior"]
[Site "Calvia"]
[Date "2007.10.23"]
[Round "9.13"]
[White "Forteza Valls, Jose Maria"]
[Black "Fernandez Garcia, Ignacio"]
[Result "0-1"]
[WhiteElo "2119"]
[BlackElo "2039"]
[PlyCount "114"]
[EventDate "2007.??.??"]

1. e4 e6 2. d4 d5 3. Nd2 Nf6 4. e5 Nfd7 5. Ngf3 c5 6. Nb3 Nc6 7. c3 cxd4 8.
cxd4 Bb4+ 9. Bd2 Qb6 10. Bc3 a5 11. a4 O-O 12. Bb5 Bxc3+ 13. bxc3 Ne7 14. O-O
Qd8 15. Bd3 h6 16. g3 b6 17. Qe2 Nb8 18. Nh4 Ba6 19. f4 Bxd3 20. Qxd3 g6 21.
Nd2 Nd7 22. Ndf3 Rc8 23. Rfc1 Rc4 24. g4 Kh8 25. Kh1 Rg8 26. Ra2 Qc7 27. Nd2
Rc6 28. Qe3 Rc8 29. Rac2 f6 30. Qd3 f5 31. gxf5 gxf5 32. Qh3 Rg8 33. Rg1 Qd8
34. Ng6+ Kh7 35. Nxe7 Rxg1+ 36. Kxg1 Qxe7 37. Nf3 Nf8 38. Nh4 Qa3 39. Nf3 Qa1+
40. Kf2 Ng6 41. Qg3 Rc7 42. Kg2 Rg7 43. Kf2 Nxe5 44. Ng5+ hxg5 45. fxe5 Qxa4
46. Qd3 Qb3 47. Rc1 Qc4 48. Qf3 Qa2+ 49. Kg1 Kg6 50. Qd3 Rh7 51. h3 b5 52. Qxb5
Rxh3 53. Qe8+ Kg7 54. Qe7+ Kh6 55. Qxe6+ Kh5 56. Qf7+ Kg4 57. Qxd5 Qxd5 0-1

[Event "IV Open International Senior"]
[Site "Calvia"]
[Date "2007.10.23"]
[Round "9.14"]
[White "Castan Sanclemente, Alejandro"]
[Black "Serra Olives, Tomas"]
[Result "0-1"]
[WhiteElo "1871"]
[BlackElo "2114"]
[PlyCount "136"]
[EventDate "2007.??.??"]

1. d4 Nf6 2. c4 e6 3. Nc3 c5 4. e3 d5 5. Nf3 Nc6 6. Bd3 cxd4 7. exd4 dxc4 8.
Bxc4 Be7 9. O-O O-O 10. Re1 a6 11. Bd3 b5 12. Ne4 Nxd4 13. Nxd4 Qxd4 14. Qc2
Bb7 15. Be3 Qd5 16. Bg5 Rac8 17. Qe2 Rfd8 18. Rad1 Nxe4 19. Bxe4 Qxe4 20. Qxe4
Rxd1 21. Rxd1 Bxe4 22. Bxe7 Bd5 23. b4 Bxa2 24. Rd8+ Rxd8 25. Bxd8 e5 26. h4 f6
27. g3 Kf7 28. f4 Ke6 29. fxe5 fxe5 30. Kf2 Kf5 31. Bc7 g6 32. Ke3 Bd5 33. Bd6
h5 34. Bc7 Bb7 35. Bd8 Ke6 36. Kd3 Kd5 37. Bc7 Bc8 38. Bd8 Bh3 39. Bc7 Bf1+ 40.
Ke3 Kc4 41. Ba5 Bg2 42. Kf2 Bd5 43. Ke2 Kd4 44. Kd2 Bc4 45. Bb6+ Ke4 46. Bc7
Be6 47. Bd6 Bf5 48. Bc7 Bg4 49. Bd6 Kd4 50. Bc5+ Kc4 51. Bd6 Bf3 52. Ke3 Bc6
53. Be7 Bg2 54. Bd6 Bb7 55. Be7 Kb3 56. Kd3 e4+ 57. Kd4 Ka4 58. Bc5 a5 59. bxa5
Kxa5 60. Kc3 Ka4 61. Kb2 b4 62. Bd4 Bd5 63. Bc5 Kb5 64. Be3 Kc4 65. Kc2 Bc6 66.
Bc1 Kd4 67. Bb2+ Ke3 68. Bc1+ Kf2 0-1

[Event "IV Open International Senior"]
[Site "Calvia"]
[Date "2007.10.23"]
[Round "9.16"]
[White "Campos Calvo-Sotelo, Juan"]
[Black "Sarto Ramos, Angel"]
[Result "1-0"]
[WhiteElo "1971"]
[BlackElo "2053"]
[PlyCount "99"]
[EventDate "2007.??.??"]

1. e4 g6 2. d4 c6 3. Nf3 Bg7 4. Bc4 d5 5. exd5 cxd5 6. Bd3 Nf6 7. Nbd2 Nc6 8.
c3 O-O 9. O-O Bg4 10. h3 Bd7 11. Re1 Qc7 12. Nf1 Nh5 13. Bg5 f6 14. Bh4 e5 15.
dxe5 fxe5 16. Ng5 e4 17. Be2 Nf4 18. Bg3 Qe5 19. Bg4 Bxg4 20. Qxg4 Rae8 21. h4
h5 22. Qd1 Ne7 23. Ne3 Rd8 24. Qb3 Rf6 25. Rad1 Rb6 26. Qa3 Rf8 27. Rd2 a6 28.
Kh2 Qf6 29. Bxf4 Qxf4+ 30. g3 Qc7 31. Kg2 Rd6 32. Nxe4 Re6 33. Ng5 Re5 34. Rde2
Nf5 35. Nxf5 Rexf5 36. Ne6 Qc6 37. Nxf8 d4+ 38. Kg1 d3 39. Re8 Bxf8 40. Qb3+
Rf7 41. R1e7 Qxe8 42. Rxe8 Kg7 43. Rd8 Bc5 44. Rxd3 Rxf2 45. Rd4 Re2 46. Qxb7+
Kf6 47. Kf1 Re6 48. Rf4+ Ke5 49. Qc7+ Kd5 50. c4# 1-0

[Event "IV Open International Senior"]
[Site "Calvia"]
[Date "2007.10.23"]
[Round "9.17"]
[White "Mercadal Melia, Dante"]
[Black "Yanez Acin, Gonzalo"]
[Result "1/2-1/2"]
[WhiteElo "1986"]
[BlackElo "1941"]
[PlyCount "44"]
[EventDate "2007.??.??"]

1. e4 Nf6 2. e5 Nd5 3. Nf3 d6 4. Bc4 Nb6 5. Bxf7+ Kxf7 6. Ng5+ Kg8 7. Qf3 Qe8
8. e6 g6 9. Nf7 Nc6 10. Nxh8 Kxh8 11. O-O Bxe6 12. Nc3 Qf7 13. Qe2 Bg7 14. Re1
Rf8 15. d3 Nd4 16. Qd2 Bh6 17. f4 Bd7 18. Ne4 e5 19. Ng5 Qf5 20. c3 Ne6 21.
Nxe6 Bxe6 22. Qe2 Bg7 1/2-1/2

[Event "IV Open International Senior"]
[Site "Calvia"]
[Date "2007.10.23"]
[Round "9.19"]
[White "Solsona Manonelles, Josep"]
[Black "Benito Alba, Eladio"]
[Result "1/2-1/2"]
[WhiteElo "1830"]
[BlackElo "1882"]
[PlyCount "74"]
[EventDate "2007.??.??"]

1. d4 d5 2. c4 e6 3. Nc3 Nf6 4. cxd5 exd5 5. Bf4 c6 6. e3 Bd6 7. Bxd6 Qxd6 8.
Nf3 Bg4 9. Bd3 Nbd7 10. O-O O-O 11. Re1 Rfe8 12. e4 dxe4 13. Nxe4 Nxe4 14. Bxe4
Nf6 15. Qd3 Nxe4 16. Rxe4 Rxe4 17. Qxe4 Bxf3 18. gxf3 Rd8 19. Rd1 Qd7 20. b3
Re8 21. Qd3 Re6 22. Kh1 Qd5 23. Rg1 Rf6 24. Rg3 Rf4 25. Qe3 Qxd4 26. Qxd4 Rxd4
27. a4 Kf8 28. Kg2 Rd3 29. f4 Rxg3+ 30. fxg3 Ke7 31. Kf3 Kd6 32. Ke4 b6 33. Kd4
c5+ 34. Kc4 Kc6 35. b4 cxb4 36. Kxb4 a6 37. Kc4 b5+ 1/2-1/2

[Event "IV Open International Senior"]
[Site "Calvia"]
[Date "2007.10.23"]
[Round "9.20"]
[White "Gonzalo Gonzalez, Francisco"]
[Black "Mimbrero Cuello, Diego"]
[Result "1-0"]
[WhiteElo "1857"]
[BlackElo "1854"]
[PlyCount "73"]
[EventDate "2007.??.??"]

1. e4 d6 2. Nf3 e5 3. Bc4 Be7 4. d4 Nd7 5. O-O Ngf6 6. Nc3 c6 7. Bg5 Qc7 8. a3
b5 9. Ba2 Nf8 10. d5 Ba6 11. Qe2 Qb6 12. b4 c5 13. Be3 Ng6 14. h3 O-O 15. Rab1
Rab8 16. Nh2 Qc7 17. bxc5 b4 18. Qxa6 bxc3 19. f3 Nh5 20. c6 Bd8 21. Rxb8 Qxb8
22. Qb7 Qxb7 23. cxb7 Bb6 24. Bxb6 axb6 25. Rb1 Rb8 26. Rxb6 Nhf4 27. Bc4 Nh5
28. Ba6 f5 29. Rc6 Rxb7 30. Bxb7 fxe4 31. fxe4 Ng3 32. Rxd6 Nxe4 33. Rc6 Nf4
34. d6 Ne2+ 35. Kf1 Nd4 36. Rc8+ Kf7 37. Bxe4 1-0

[Event "IV Open International Senior"]
[Site "Calvia"]
[Date "2007.10.23"]
[Round "9.21"]
[White "Garcia Moreno, Jose Alfredo"]
[Black "Orcera Gomez, Francisco"]
[Result "1-0"]
[WhiteElo "1975"]
[BlackElo "1864"]
[PlyCount "51"]
[EventDate "2007.??.??"]

1. e4 Nf6 2. Nc3 d5 3. exd5 Nxd5 4. Nge2 Bg4 5. Nxd5 Qxd5 6. d3 e5 7. f3 Bh5 8.
Ng3 Bg6 9. Be3 Nc6 10. Be2 f5 11. Bf2 h5 12. a3 h4 13. Nf1 O-O-O 14. Ne3 Qb5
15. O-O Bc5 16. b4 Bb6 17. c4 Qa6 18. c5 Nd4 19. cxb6 Nxe2+ 20. Qxe2 f4 21. Qc2
axb6 22. Rfc1 c6 23. Nc4 Rxd3 24. Nxe5 Rxa3 25. Rxa3 Bxc2 26. Rxa6 1-0

[Event "IV Open International Senior"]
[Site "Calvia"]
[Date "2007.10.23"]
[Round "9.22"]
[White "Gutierrez, Leon Cristobal"]
[Black "Russo, Carmelo"]
[Result "1-0"]
[WhiteElo "1986"]
[BlackElo "1702"]
[PlyCount "43"]
[EventDate "2007.??.??"]

1. Nf3 d5 2. b3 Nc6 3. Bb2 Nf6 4. e3 Bf5 5. Bb5 a6 6. Bxc6+ bxc6 7. Ne5 Qd6 8.
f4 Be4 9. O-O e6 10. d4 c5 11. Nd2 Be7 12. Nxe4 Nxe4 13. c4 f6 14. Qh5+ g6 15.
Nxg6 O-O-O 16. Nxh8 Rxh8 17. cxd5 exd5 18. Rfd1 Qe6 19. dxc5 Nxc5 20. Qxd5
Qxe3+ 21. Kh1 Ne4 22. Qa8# 1-0

[Event "IV Open International Senior"]
[Site "Calvia"]
[Date "2007.10.23"]
[Round "9.26"]
[White "Llado Llompart, Sebastian"]
[Black "Febrero Perez, Lluis"]
[Result "0-1"]
[WhiteElo "1771"]
[BlackElo "1690"]
[PlyCount "34"]
[EventDate "2007.??.??"]

1. d4 Nf6 2. e3 g6 3. Bd3 Bg7 4. Nd2 O-O 5. Ngf3 e6 6. O-O d5 7. Ne5 Qd6 8. c3
Nbd7 9. f4 c5 10. b3 b6 11. a4 Bb7 12. Nxd7 Nxd7 13. e4 cxd4 14. e5 Qc7 15.
cxd4 Qc3 16. Nf3 Qxa1 17. Qd2 Rac8 0-1